Регионална библиотека "Любен Каравелов" - Русе

Книга за неразбраните неща (Запис номер 507978)

MARC детайли
000 -Лидер
Лидер 01878nam a2200301 a 4500
003 - Код на организацията, давaща контролен номер
Код на организацията, даваща контролен номер BLK
005 - Дата и час на последна редакция
Дата и час на последна редакция 20240709102208.0
008 - Елементи от данни с фиксирана дължина
Елементи с фиксирана дължина 191217b bu ||||| |||| 00| 0 bu d
020 ## - Международен стандартен номер на книга ISBN
ISBN 9789549734447
040 ## - Източник на каталожния запис
Код на библиотеката BLK
041 ## - Код за език
Език Български
Език за КДБФ Български
080 ## - УДК
УДК текст Философски мистицизъм. Ранни езотерични школи. Кабала. Теософия. Антропософия. Суфизъм. Еклектизъм. Синкретизъм. Херметизъм. Розенкройцерство. Др. школи
УДК код 141.33
УДК – код + определител 141.33
080 ## - УДК
УДК текст Религиозни учения. Догми. Обожествяване на природата - култ към фалоса и черепа, митове, тотемизъм, табу, манизъм, анимизъм, фетишизъм, тотемизъм. Демони. Космогония. Край на света. Есхатология
УДК код 291.2
УДК – код + определител 291.2
9 (RLIN) 237771
084 ## - Класификационен индекс по друга класификация
Авторски знак Дъ - Д 95
100 ## - Редна дума - Автор
Автор Дънов, Петър Константинов
R(LIN) 244373
245 ## - Сведения за заглавието
Заглавие Книга за неразбраните неща
Подзаглавни данни Из Словото на Учителя Петър Дънов
Авторска отговорност Петър Дънов; презг. Елеазар Хараш.
260 ## - Област на издателските данни
9 (RLIN) 219554
Място на издаване Варна
Име на издателя Логос
Година на издаване 2013
300 ## - Физическа характеристика
Брой страници 326 с.
Размер 20 см
380 ## - Жанр
Жанр Философия
500 ## - Общи забележки
Обща забележка Елеазар Хараш - псевд. на авт. на доп. материал Петко Йорданов Йорданов<br/>
504 ## - Забележка за наличие на библиография и др
Библиография Библиогр.: с. 324-325
650 #7 - Допълнително описание по предмет – тема
9 (RLIN) 153927
Предметна рубрика Дъновизъм
700 ## - Други автори (авторска отговорност)
9 (RLIN) 401063
Друг автор Хараш, Елеазар
Авт. отговорност на др. автор предг.
Пълното име на др. автор Йорданов, Петйо
852 ## - Местоположение
Отдел Заемна - подръчен фонд
Систематично-азбучна сигнатура 14/Д 95 П
942 ## - АРТИКУЛИ
Вид на библиотечния документ Книги
Скрит в OPAC Не
Периодичен библиозапис Да
Koha issues (borrowed), all copies 2
944 ## - СЪЗДАВАНЕ И РЕДАКЦИЯ на ЗАПИСА
Създаване/Редакция
Дата на регистрацията/редакция Севдалина Тодорова
Служител, извършил регистрацията/редакцията 30530
Номер на служител Минев Младен
999 ## - СИСТЕМНИ КОНТРОЛНИ НОМЕРА
Koha biblionumber 507978
Koha biblioitemnumber 507978
Наличности
Код за отписване Код за изгубен артикул Източник на класификационната схема Код за повреда Код за отдаване Артикулен № Име на библиотеката - собственик Име на библиотеката, в която се намира в момента Статус (Текущо местоположение) Дата на вписване в системата Местоположение - отдел Цена в лева Инвентарен номер Систематично азбучна сигнатура Баркод Цена в евро Служебен тип на артикула Коз за рестрикции
  Не е изгубен Universal Decimal Classification Не е повреден заемане за дома 942108 Регионална библиотека "Любен Каравелов" Русе Регионална библиотека "Любен Каравелов" Русе Заемна - подръчен фонд 2024-04-05 Заемна - подръчен фонд 14.00 120000901104 14/Д 95 П 120000901104 7.16 Книги  
  Не е изгубен Universal Decimal Classification Не е повреден ползва се в читалня 942109 Регионална библиотека "Любен Каравелов" Русе Регионална библиотека "Любен Каравелов" Русе Хранилище 2024-04-05 Основен фонд - ползва се само за читалня 14.00 120000901140 Цб 322443 120000901140 7.16 Книги само за читалня
Vip Innovations Ltd, Rousse, Bulgaria 2025